[Event "Schwarzacher Open B"]
[Site "Schwarzach"]
[Date "1999.08.28"]
[Round "8.1"]
[White "Lehner, Erich"]
[Black "Pitro, Erwin"]
[Result "1-0"]
[WhiteElo "1853"]
[BlackElo "1843"]
[PlyCount "59"]
[EventDate "1999.08.21"]

1. e4 g6 2. d4 Bg7 3. Nc3 c6 4. Be3 d5 5. e5 Nh6 6. f3 f6 7. g4 Nf7 8. exf6
exf6 9. Qd2 b5 10. a3 Nd7 11. h4 Nb6 12. Bd3 Nc4 13. Bxc4 bxc4 14. Na4 Bf8 15.
Nh3 f5 16. g5 Be7 17. O-O-O Nd6 18. Bf4 Nb5 19. Rde1 Kf7 20. Be5 Rg8 21. Re3 a6
22. Rhe1 Ra7 23. c3 Rb7 24. Nc5 Bxc5 25. dxc5 Qa5 26. Bf6 Rf8 27. Re7+ Kg8 28.
Rxb7 Bxb7 29. Re7 Rf7 {#} 30. Qe3 1-0

[Event "Schwarzacher Open B"]
[Site "Schwarzach"]
[Date "1999.08.28"]
[Round "8.2"]
[White "Schweiger, Wolfgang"]
[Black "Peneder, Hans"]
[Result "1-0"]
[WhiteElo "1777"]
[BlackElo "1863"]
[PlyCount "89"]
[EventDate "1999.08.21"]

1. d4 Nf6 2. c4 e6 3. Nc3 Bb4 4. Bg5 h6 5. Bd2 b6 6. Nf3 Bb7 7. e3 O-O 8. a3
Bxc3 9. Bxc3 Ne4 10. Rc1 Qf6 11. Be2 Nc6 12. O-O Nxc3 13. Rxc3 d6 14. Qd2 Ne7
15. Rfc1 Be4 16. Ne1 Rfd8 17. f3 Bb7 18. b4 c5 19. Rd3 cxb4 20. axb4 d5 21. c5
b5 22. Ra3 Bc6 23. Rca1 Nc8 24. Ra5 e5 {#} 25. Bxb5 Bxb5 26. Rxb5 Rd7 27. dxe5
Qxe5 28. Qd4 Qe6 29. Rba5 Ne7 30. Ra6 Nc6 31. Qc3 Rb7 32. Nc2 Qe8 33. Kf2 Rd8
34. Nd4 Nxb4 35. Rxa7 Rxa7 36. Rxa7 Nc6 37. Rc7 Ne5 38. c6 Ra8 39. Rb7 Ra2+ 40.
Kf1 Kh7 41. c7 Ra8 42. Nb5 Nc4 43. Kf2 Nxe3 44. Qd3+ g6 45. Na7 1-0

[Event "Schwarzacher Open B"]
[Site "Schwarzach"]
[Date "1999.08.28"]
[Round "8.3"]
[White "Van Essen, Mark"]
[Black "Kainz, Josef"]
[Result "1-0"]
[WhiteElo "1825"]
[BlackElo "1839"]
[PlyCount "101"]
[EventDate "1999.08.21"]

1. Nc3 d5 2. e4 d4 3. Nce2 e5 4. Ng3 Bd6 5. Nf3 Ne7 6. Bc4 Bg4 {#} 7. Bxf7+
Kxf7 8. Ng5+ Kg8 9. Qxg4 Qd7 10. Qf3 Ng6 11. Qb3+ Kf8 12. Qxb7 Qc6 13. Qc8+ Qe8
14. Qxe8+ Kxe8 15. Nf5 h6 16. Nh3 Kf7 17. d3 Bb4+ 18. Bd2 Bxd2+ 19. Kxd2 Nd7
20. f4 c5 21. Rhf1 Nf6 22. Nd6+ Ke6 23. Nc4 Nxf4 24. Nxf4+ exf4 25. Rxf4 Rhf8
26. Raf1 g5 27. Rf5 Nd7 28. Rxf8 Nxf8 29. Rf5 Nd7 30. Ke2 a5 31. Rd5 Ra6 32. h4
g4 33. Rh5 Ke7 34. Ne5 a4 35. Nxd7 Kxd7 36. Rxc5 a3 37. b3 Ke6 38. c3 dxc3 39.
Rxc3 Kf7 40. g3 Kg6 41. Rc5 Rf6 42. Rf5 Rc6 43. Kd2 Rc7 44. h5+ Kh7 45. Rf4 Rc5
46. Rf5 Rc7 47. d4 Rd7 48. d5 Kg8 49. Rf4 Rg7 50. d6 Rd7 51. e5 1-0

[Event "Schwarzacher Open B"]
[Site "Schwarzach"]
[Date "1999.08.28"]
[Round "8.4"]
[White "Rabensteiner, Klaus"]
[Black "Renner, Gabriele"]
[Result "1/2-1/2"]
[WhiteElo "1834"]
[BlackElo "1760"]
[PlyCount "70"]
[EventDate "1999.08.21"]

1. d4 d5 2. e3 Nf6 3. Bd3 Bg4 4. Ne2 e6 5. c4 c6 6. Nbc3 Bd6 7. Qc2 Nbd7 8. O-O
O-O 9. f3 Bh5 10. f4 Re8 11. Ng3 Bg6 12. Bxg6 hxg6 13. e4 dxe4 14. Ncxe4 Nxe4
15. Nxe4 Be7 16. Be3 Nf6 17. Rad1 Ng4 18. Qe2 Nxe3 19. Qxe3 Qa5 20. Qb3 Qc7 21.
d5 exd5 22. cxd5 cxd5 23. Rxd5 Rad8 24. Rxd8 Rxd8 25. g3 Qc6 26. Re1 Kf8 27.
Qc3 Qb6+ 28. Qe3 Qxe3+ 29. Rxe3 f5 30. Ng5 Bxg5 31. fxg5 Rd2 32. Rb3 b6 33. a4
Rd5 34. Re3 Rd4 35. b3 Kf7 1/2-1/2

[Event "Schwarzacher Open B"]
[Site "Schwarzach"]
[Date "1999.08.28"]
[Round "8.5"]
[White "Noell, Thomas"]
[Black "Stadlober, Gerold"]
[Result "1/2-1/2"]
[WhiteElo "1891"]
[BlackElo "1863"]
[PlyCount "45"]
[EventDate "1999.08.21"]

1. d4 Nf6 2. Nf3 g6 3. c4 d6 4. Nc3 Bg7 5. e4 O-O 6. h3 e5 7. d5 a5 8. Be3 Na6
9. Be2 Nd7 10. g4 Ndc5 11. g5 f5 12. gxf6 Bxf6 13. Qd2 Bg7 14. h4 Bg4 15. Ng5
Bd7 16. Nf3 Bg4 17. Ng1 Bxe2 18. Ngxe2 Nb4 19. Bxc5 dxc5 20. a3 Na6 21. h5 Qf6
22. Ng3 Qf3 23. Qe2 1/2-1/2

[Event "Schwarzacher Open B"]
[Site "Schwarzach"]
[Date "1999.08.28"]
[Round "8.6"]
[White "Hutz, Gerhard"]
[Black "Grassl, Johann"]
[Result "1-0"]
[WhiteElo "1893"]
[BlackElo "1776"]
[PlyCount "101"]
[EventDate "1999.08.21"]

1. d4 Nf6 2. Nf3 d5 3. g3 Bf5 4. Bg2 c6 5. O-O h6 6. b3 e6 7. c4 Be7 8. Nc3 O-O
9. Re1 Bb4 10. Bb2 Ne4 11. Qc1 Qa5 12. Nxe4 Bxe1 13. Nd6 Bb4 14. c5 Qa6 15. e4
dxe4 16. Nh4 Nd7 17. Bf1 b5 {#} 18. a4 Qa5 19. axb5 Qc7 20. Ra4 a5 21. bxa6 Qb8
22. Nb7 Bxc5 23. Nxc5 Nxc5 24. dxc5 Qxb3 25. Qc3 Qxc3 26. Bxc3 Rfd8 27. Nxf5
exf5 28. Be2 g5 29. Rd4 Rxd4 30. Bxd4 f4 31. gxf4 gxf4 32. f3 f5 33. Be5 exf3
34. Bc4+ Kh7 35. Kf2 Kg6 36. Kxf3 h5 37. h4 Kh6 38. Kxf4 Kg6 39. Bd3 Kh6 40.
Bd6 Kg6 41. Bxf5+ Kf7 42. Bd3 Kg7 43. Kg5 Kg8 44. Kxh5 Kg7 45. Kg5 Kh8 46. Bc4
Kh7 47. h5 Kh8 48. Kg6 Re8 49. a7 Re6+ 50. Kf7 Rf6+ 51. Kxf6 1-0

[Event "Schwarzacher Open B"]
[Site "Schwarzach"]
[Date "1999.08.28"]
[Round "8.7"]
[White "Ellmauer, Klaus"]
[Black "Huber, Josef"]
[Result "0-1"]
[WhiteElo "1755"]
[BlackElo "1868"]
[PlyCount "36"]
[EventDate "1999.08.21"]

1. c4 Nf6 2. Nc3 c5 3. e4 d6 4. Nf3 a6 5. d4 b6 6. Be2 Bb7 7. d5 Nbd7 8. O-O g6
9. Nd2 Bg7 10. f4 O-O 11. Nf3 Qc7 12. Be3 e6 13. h3 exd5 14. cxd5 Rfe8 {#} 15.
Nd2 Bxd5 16. Nxd5 Nxd5 17. Bf2 Nxf4 18. Bf3 Ne5 0-1

[Event "Schwarzacher Open B"]
[Site "Schwarzach"]
[Date "1999.08.28"]
[Round "8.9"]
[White "Buchholz, Karl"]
[Black "Raab, Erich"]
[Result "1-0"]
[WhiteElo "1809"]
[BlackElo "1681"]
[PlyCount "89"]
[EventDate "1999.08.21"]

1. e4 c5 2. Nf3 Nc6 3. d4 cxd4 4. Nxd4 e6 5. g3 Nf6 6. Bg2 Be7 7. Be3 O-O 8.
O-O a6 9. h3 Rb8 10. a4 d6 11. Nd2 Nxd4 12. Bxd4 e5 13. Be3 Be6 14. c4 Qd7 15.
Kh2 Rbc8 16. Qe2 h6 17. b3 Nh7 18. f4 f5 19. exf5 Bxf5 20. fxe5 dxe5 21. Rad1
Qc7 22. Ne4 Bxe4 23. Bxe4 Nf6 24. Bd5+ Nxd5 25. Rxd5 Rxf1 26. Qxf1 Rd8 27. Qd3
Rxd5 28. Qxd5+ Kh8 29. Kg2 Qc6 30. Qxc6 bxc6 31. Kf3 Kg8 32. Ke4 Bd6 33. Bd2
Kf7 34. b4 Ke6 35. b5 cxb5 36. cxb5 axb5 37. axb5 h5 38. Be3 Bb8 39. b6 g6 40.
Bg5 {#} 40... Kd7 41. Bf6 Kc6 42. Bxe5 Bxe5 43. Kxe5 h4 44. g4 Kxb6 45. Kf6 1-0

[Event "Schwarzacher Open B"]
[Site "Schwarzach"]
[Date "1999.08.28"]
[Round "8.10"]
[White "Steinkogler, Gustav"]
[Black "Kinzlinger, Georg"]
[Result "0-1"]
[WhiteElo "1735"]
[BlackElo "1777"]
[PlyCount "104"]
[EventDate "1999.08.21"]

1. d4 f5 2. Nf3 Nf6 3. c4 e6 4. Nc3 Be7 5. h3 O-O 6. Bf4 c6 7. e3 d5 8. Rc1 Ne4
9. cxd5 exd5 10. Be2 Bd6 11. Bxd6 Qxd6 12. Ne5 Nd7 13. Nd3 Ndf6 14. O-O Bd7 15.
Bf3 Rae8 16. a3 Bc8 17. b4 Nxc3 18. Rxc3 Ne4 19. Rc1 a6 20. Qc2 Qh6 21. Ne5 Ng5
22. Qe2 Nxf3+ 23. Qxf3 f4 24. e4 dxe4 25. Qxe4 {#} 25... f3 26. Rfe1 fxg2 27.
Qxg2 Qxh3 28. Qxh3 Bxh3 29. Re3 Bc8 30. f3 Rd8 31. Rd1 Rd5 32. Kf2 a5 33. bxa5
Rxa5 34. Nc4 Rh5 35. Ke2 Rh2+ 36. Ke1 Rh1+ 37. Kd2 Rxd1+ 38. Kxd1 Rd8 39. Rd3
Be6 40. Ne3 g5 41. Kd2 Kg7 42. Kc3 h5 43. Rd2 Kg6 44. a4 Rf8 45. d5 cxd5 46.
Kd4 Rxf3 47. Nxd5 Bxd5 48. Kxd5 h4 49. Rb2 Rf7 50. Ke4 h3 51. a5 Kh5 52. Ke3
Kg4 0-1

[Event "Schwarzacher Open B"]
[Site "Schwarzach"]
[Date "1999.08.29"]
[Round "9.1"]
[White "Van Essen, Mark"]
[Black "Schweiger, Wolfgang"]
[Result "1/2-1/2"]
[WhiteElo "1825"]
[BlackElo "1777"]
[PlyCount "40"]
[EventDate "1999.08.21"]

1. Nc3 c6 2. d3 d5 3. e4 dxe4 4. dxe4 Qxd1+ 5. Nxd1 e5 6. Nf3 Nf6 7. Nxe5 Nxe4
8. Bc4 Nd6 9. Bb3 Nd7 10. Nxd7 Bxd7 11. O-O O-O-O 12. Bf4 f6 13. Ne3 g5 14.
Bxd6 Bxd6 15. Rad1 Bc5 16. Rfe1 Rhe8 17. Nf1 f5 18. Nd2 Kc7 19. Kf1 b5 20. Nf3
a5 1/2-1/2

[Event "Schwarzacher Open B"]
[Site "Schwarzach"]
[Date "1999.08.29"]
[Round "9.2"]
[White "Renner, Gabriele"]
[Black "Lehner, Erich"]
[Result "1-0"]
[WhiteElo "1760"]
[BlackElo "1853"]
[PlyCount "59"]
[EventDate "1999.08.21"]

1. e4 e5 2. Nf3 Nc6 3. d4 Nxd4 4. Nxe5 Ne6 5. Bc4 Nf6 6. Bxe6 fxe6 7. Qf3 Be7
8. Nc3 O-O 9. Qe2 Bb4 10. Bd2 d5 11. exd5 exd5 12. O-O Re8 13. Rfe1 Bd6 14. f4
c6 15. Qf3 Qb6+ 16. Kh1 Qxb2 17. Qd3 Qb6 18. Nf3 Bd7 19. Be3 Bf5 20. Qxf5 Rxe3
21. Rxe3 Qxe3 22. Re1 Qxf4 23. Qe6+ Kh8 24. Ne2 Qb4 25. c3 Qc5 26. Ng5 Rf8 27.
Nd4 Bf4 28. Nf7+ Rxf7 29. Qxf7 Qxc3 30. Re8+ 1-0

[Event "Schwarzacher Open B"]
[Site "Schwarzach"]
[Date "1999.08.29"]
[Round "9.3"]
[White "Pitro, Erwin"]
[Black "Rabensteiner, Klaus"]
[Result "1/2-1/2"]
[WhiteElo "1843"]
[BlackElo "1834"]
[PlyCount "150"]
[EventDate "1999.08.21"]

1. f4 g6 2. Nf3 d5 3. e3 Bg7 4. Be2 c5 5. O-O Nf6 6. d3 O-O 7. Ne5 b6 8. Nd2
Bb7 9. Bf3 Qc7 10. Qe2 Nbd7 11. Nxd7 Nxd7 12. c4 e6 13. g3 f5 14. e4 fxe4 15.
dxe4 dxe4 16. Nxe4 Rae8 17. Rb1 e5 18. Qg2 Kh8 19. Ng5 Bxf3 20. Nxf3 Qd6 21.
Qd2 Qe6 22. Rd1 e4 23. Qxd7 Qxd7 24. Rxd7 exf3 25. Bd2 Re2 26. Bc3 Bxc3 27.
bxc3 Rg2+ 28. Kh1 Rxa2 29. Rf1 Re8 30. Rfd1 f2 31. Rf1 Re4 32. Kg2 Rxc4 33.
Rxf2 Rxf2+ 34. Kxf2 Rxc3 35. Rxa7 b5 36. Rb7 b4 37. Kg2 b3 38. Kh3 c4 39. Kg4
Rd3 40. Rb4 Rd4 41. Kg5 Rd5+ 42. Kf6 Rf5+ 43. Ke6 Rc5 44. Rb8+ Kg7 45. Rb7+ Kh6
46. g4 g5 47. f5 c3 48. Rxb3 c2 49. Rh3+ Kg7 50. f6+ Kg6 51. f7 Rc6+ 52. Ke7
Rc7+ 53. Ke6 Rxf7 54. Rc3 Rf2 55. h3 Re2+ 56. Kd5 Kf6 57. Rc6+ Ke7 58. Kd4 Kd7
59. Rc3 Kd6 60. Kd3 Rh2 61. Ke4 Re2+ 62. Kd3 Rg2 63. Ke4 Rh2 64. Rc8 Rf2 65.
Ke3 Rh2 66. Ke4 Kd7 67. Rc3 Kd6 68. Rc8 h6 69. Rc3 Ke6 70. Rc6+ Kf7 71. Rc7+
Ke6 72. Rc6+ Kd7 73. Rc3 Rxh3 74. Rxc2 h5 75. gxh5 Rxh5 1/2-1/2

[Event "Schwarzacher Open B"]
[Site "Schwarzach"]
[Date "1999.08.29"]
[Round "9.4"]
[White "Stadlober, Gerold"]
[Black "Hutz, Gerhard"]
[Result "0-1"]
[WhiteElo "1863"]
[BlackElo "1893"]
[PlyCount "59"]
[EventDate "1999.08.21"]

1. e4 e5 2. Nf3 Nc6 3. Bb5 a6 4. Bxc6 dxc6 5. d4 Bg4 6. c3 exd4 7. cxd4 Bb4+ 8.
Nc3 Bxf3 9. Qxf3 Qxd4 10. O-O Ne7 11. Rd1 Qf6 12. Qg4 Bd6 13. Bg5 Qe6 14. Qe2
f6 15. Be3 O-O 16. f4 Rfe8 17. Rd3 b5 18. Qf3 b4 19. Ne2 c5 20. f5 Qe5 21. Bf4
{#} 21... Qxb2 22. Rad1 Bxf4 23. Nxf4 Nc6 24. Qg3 Nd4 25. R1d2 Qc1+ 26. Rd1
Qxf4 27. Qxf4 Ne2+ 28. Kf2 Nxf4 29. Rd7 c4 30. Rxc7 0-1

[Event "Schwarzacher Open B"]
[Site "Schwarzach"]
[Date "1999.08.29"]
[Round "9.5"]
[White "Kinzlinger, Georg"]
[Black "Noell, Thomas"]
[Result "1/2-1/2"]
[WhiteElo "1777"]
[BlackElo "1891"]
[PlyCount "60"]
[EventDate "1999.08.21"]

1. e4 e6 2. d4 d5 3. e5 c5 4. c3 Nc6 5. Nf3 Bd7 6. Be2 Nge7 7. O-O cxd4 8. cxd4
Nf5 9. Nc3 Be7 10. Be3 O-O 11. Qd2 f6 12. Bd3 fxe5 13. dxe5 d4 14. Bxf5 dxe3
15. Bxh7+ Kxh7 16. Qxe3 Qe8 17. Rad1 Rd8 18. Ne4 Qg6 19. a3 Kg8 20. b4 a6 21.
Nd6 Bxd6 22. Rxd6 Qg4 23. Rfd1 Bc8 24. Rxd8 Nxd8 25. h3 Qg6 26. Rd4 Nc6 27. Rg4
Qb1+ 28. Kh2 Qf5 29. Kg3 Ne7 30. Nh4 Qf7 1/2-1/2

[Event "Schwarzacher Open B"]
[Site "Schwarzach"]
[Date "1999.08.29"]
[Round "9.6"]
[White "Huber, Josef"]
[Black "Reschreiter, Hans-Peter"]
[Result "1/2-1/2"]
[WhiteElo "1868"]
[BlackElo "1827"]
[PlyCount "67"]
[EventDate "1999.08.21"]

1. Nf3 Nf6 2. d4 g6 3. Bg5 Bg7 4. Nbd2 d6 5. e4 O-O 6. Be2 Nbd7 7. O-O e5 8.
dxe5 dxe5 9. c3 h6 10. Bh4 Qe8 11. Qc2 Nh5 12. Rfe1 Nf4 13. Bf1 Nf6 14. Nc4 g5
15. Bg3 N6h5 16. Ne3 Be6 17. Nf5 Nxg3 18. hxg3 Ng6 19. Rad1 a6 20. a4 Rd8 21.
b4 Rxd1 22. Rxd1 Bd7 23. Ra1 Be6 24. g4 Qc8 25. Rd1 Rd8 26. c4 Rxd1 27. Qxd1
Qd7 28. Qxd7 Bxd7 29. b5 axb5 30. cxb5 b6 31. Bc4 Bf8 32. Ne3 Bd6 33. Nf5 Bxf5
34. gxf5 1/2-1/2

[Event "Schwarzacher Open B"]
[Site "Schwarzach"]
[Date "1999.08.29"]
[Round "9.7"]
[White "Peneder, Hans"]
[Black "Buchholz, Karl"]
[Result "0-1"]
[WhiteElo "1863"]
[BlackElo "1809"]
[PlyCount "108"]
[EventDate "1999.08.21"]

1. c4 e5 2. Nc3 Nf6 3. g3 d5 4. cxd5 Nxd5 5. Bg2 c6 6. e4 Nxc3 7. bxc3 Be6 8.
d3 Na6 9. Nf3 Qa5 10. Bd2 h6 11. O-O Bd6 12. Qc2 O-O 13. Rfd1 Rad8 14. d4 exd4
15. cxd4 Qh5 16. Rab1 Bc8 17. Bc3 Nc7 18. Nh4 Nb5 19. Qd2 {#} 19... Be5 20. Nf3
Bxd4 21. Nxd4 Nxd4 22. Bxd4 c5 23. Qa5 b6 24. Qxa7 Bg4 25. Rd2 cxd4 26. Qxb6 d3
27. Bf1 Qe5 28. Qe3 Rd4 29. Bxd3 Rfd8 30. Rb3 Bh3 31. f3 Qc5 32. Kf2 Qc1 33.
Qe1 Qc5 34. Ke2 Be6 35. Rc2 Qh5 36. Rbc3 Qxh2+ 37. Qf2 Qxf2+ 38. Kxf2 Rxd3 39.
Rxd3 Rxd3 40. f4 Ra3 41. Rc1 Rxa2+ 42. Ke3 Ra3+ 43. Kf2 g6 44. Rc5 Bg4 45. Rc2
Kg7 46. e5 Be6 47. Rd2 Ra2 48. Rxa2 Bxa2 49. g4 Bb1 50. Ke3 h5 51. Kf3 hxg4+
52. Kxg4 Kh6 53. Kh4 Bf5 54. Kg3 Kh5 0-1

[Event "Schwarzacher Open B"]
[Site "Schwarzach"]
[Date "1999.08.29"]
[Round "9.8"]
[White "Kainz, Josef"]
[Black "Poffers, Rieke"]
[Result "0-1"]
[WhiteElo "1839"]
[BlackElo "1502"]
[PlyCount "38"]
[EventDate "1999.08.21"]

1. d4 Nf6 2. c4 g6 3. Nc3 Bg7 4. e4 d6 5. Nf3 O-O 6. Be2 e5 7. O-O Nc6 8. d5
Ne7 9. h3 Ne8 10. Nh2 f5 11. f4 exf4 12. Bxf4 h6 13. h4 fxe4 14. Nxe4 Nf5 15.
Qd2 Qxh4 16. Nf3 Qe7 17. Bd3 g5 18. Be3 Nxe3 19. Qxe3 Bxb2 0-1

[Event "Schwarzacher Open B"]
[Site "Schwarzach"]
[Date "1999.08.29"]
[Round "9.9"]
[White "Michor, Franz Jun"]
[Black "Moherndl, Gerhard"]
[Result "0-1"]
[WhiteElo "1887"]
[BlackElo "1730"]
[PlyCount "58"]
[EventDate "1999.08.21"]

1. Nf3 g6 2. g3 Bg7 3. Bg2 f5 4. d4 Nf6 5. c4 d6 6. O-O O-O 7. Nc3 Nc6 8. a3 e5
9. d5 Ne7 10. Re1 h6 11. Qc2 g5 12. e4 f4 13. Ne2 g4 14. Nh4 f3 15. Nxf3 gxf3
16. Bxf3 Bg4 17. Bg2 Bxe2 18. Qxe2 c6 19. f4 exf4 20. Bxf4 Ng6 21. Bd2 cxd5 22.
exd5 Re8 23. Qd3 Ne5 24. Qf5 Qc8 25. Qf2 Qxc4 26. Rac1 Qg4 27. Rc7 Nd3 28.
Rxe8+ Rxe8 29. Qf1 Qd4+ 0-1

[Event "Schwarzacher Open B"]
[Site "Schwarzach"]
[Date "1999.08.29"]
[Round "9.10"]
[White "Grassl, Johann"]
[Black "Colic, Senad"]
[Result "0-1"]
[WhiteElo "1776"]
[BlackElo "1665"]
[PlyCount "43"]
[EventDate "1999.08.21"]

1. d4 d5 2. c4 dxc4 3. Nf3 Bf5 4. Nc3 e6 5. e4 Bg4 6. Qa4+ c6 7. Ne5 Bh5 8. d5
exd5 9. exd5 b5 10. Nxb5 cxb5 11. Qxb5+ Nd7 12. Bf4 Ngf6 13. Bxc4 Qb6 14. O-O
Bc5 15. Rae1 Qxb5 16. Nc6+ Kf8 17. Bxb5 Nxd5 18. Ne5 Nxe5 19. Rxe5 Nxf4 20.
Rxc5 Be2 21. Re1 Bxb5 22. Rxb5 0-1